000 00529nam a2200169 i 4500
001 29847
003 ES-MaACL
005 20230906154111.0
007 t|
008 030123m19461947mx ||||1| spa d
100 1 _aBasave Fernández del Valle, Agustín.
_926254
245 1 0 _aCuadros cronológicos Arte, Letras, Filosofía /
_cAgustín Basave.
250 _a2ª ed.
260 _a[S.l. :
_bs.n.,
_c1946] (
_eMonterrey :
_fImp. del Norte,
_g1947)
300 _a48 p., 3 lám. ;
_c29 cm.
852 _aES-MaACL
_j1566-F-9
_bR.25313
999 _c29847
_d29847